[Event "CZE-ch U10 2020"]
[Site "Kouty nad Desnou"]
[Date "2020.03.11"]
[Round "6.2"]
[White "Popov, Roman"]
[Black "Vana, Jan"]
[Result "1-0"]
[WhiteElo "2353"]
[BlackElo "1268"]
[Annotator "TA"]
[PlyCount "65"]
[EventDate "2020.03.07"]
[EventCountry "CZE"]
[SourceTitle "playchess.com"]
[Source "ChessBase"]
[SourceQuality "1"]

{[%evp 16,65,45,48,79,59,66,54,110,109,124,113,116,104,208,205,193,137,171,119,155,100,150,116,291,257,254,153,207,196,376,353,518,509,509,478,496,490,597,606,596,558,779,768,29994,29995,29995,29996,29998,29998,29998,29999]} 1. d4 Nf6 2. c4 g6 3. Nc3 Bg7 4. e4 d6 5. Nf3 O-O 6. Be2 Nbd7 7. O-O e5 8. dxe5 dxe5 9. Qc2 Ne8 {E94: King's Indian: Classical: 6 Be2 e5 7 0-0: Various Black 7th moves.} 10. Rd1 c6 {[#]} 11. Be3 $146 ({Predecessor:} 11. b4 Nc7 12. c5 Ne6 13. Be3 Qe7 14. Na4 Kh8 15. Nb2 f5 16. Nc4 Nf4 17. Bf1 {1-0 (34) Pinho,P (2148)-Simoes,J (2040) Lisbon 2003}) 11... h6 (11... Qe7 $14) 12. Bc5 $16 Qc7 13. Bxf8 Nxf8 14. Rd2 f5 (14... Bg4 $16 15. Nh4 Bc8) 15. Rad1 $18 Be6 16. Ne1 (16. b4 $18) 16... f4 17. f3 ({Better is} 17. c5 $18) 17... g5 18. Nd3 ({White should play} 18. c5) 18... Bxc4 19. Nc5 Bxe2 $2 (19... Bf7 $16 {might work better.}) 20. Nxe2 Kh8 21. Qc4 b5 (21... Qe7 $16 22. b4 Rc8) 22. Qc3 h5 $2 (22... Nf6 {was worth a try.} 23. b4 g4) 23. Nd7 Rd8 {[#]} (23... Nh7 $142 24. Qc5 Rc8) 24. Nxf8 $1 Rxd2 25. Qxd2 {Threatens to win with Ne6!} Bxf8 26. Qd8 Qf7 27. Qxg5 Bg7 28. Qd8 Kh7 29. Rd7 Qc4 30. Qxe8 {White mates.} Kh6 31. Rd6+ {[%mdl 64] [#] Double Attack, Discovered Attack} Kg5 32. Qg6+ Kh4 33. g3+ {Black did not feel at home in the position after the opening. Accuracy: White = 67%, Black = 17%.} 1-0

[Event "CZE-ch U10 2020"]
[Site "Kouty nad Desnou"]
[Date "2020.03.11"]
[Round "6.3"]
[White "Krautschneider, Daniel Jan"]
[Black "Svadlenka, Michal"]
[Result "0-1"]
[WhiteElo "1236"]
[BlackElo "1309"]
[Annotator "NA"]
[PlyCount "108"]
[EventDate "2020.03.07"]
[EventCountry "CZE"]
[SourceTitle "playchess.com"]
[Source "ChessBase"]
[SourceQuality "1"]
[TimeControl "5400+30"]

1. e4 {[%emt 0:00:00]} c5 {[%emt 0:00:00]} 2. Nf3 {[%emt 0:00:20]} Nc6 3. d4 {[%emt 0:00:14]} cxd4 {[%emt 0:00:38]} 4. Nxd4 {[%emt 0:00:18]} g6 {[%emt 0:00:27]} 5. Nc3 {[%emt 0:00:17]} Bg7 {[%emt 0:00:29]} 6. Be3 {[%emt 0:00:25]} Nf6 {[%emt 0:00:32]} 7. Bc4 O-O 8. f3 {[%emt 0:00:36]} Qb6 {[%emt 0:02:30]} 9. Qd3 {[%emt 0:16:29]} Ne5 {[%emt 0:03:07]} 10. Qe2 {[%emt 0:00:33]} Qxb2 {[%emt 0:00:41]} 11. O-O {[%emt 0:04:32]} Qxc3 {[%emt 0:01:52]} 12. Bb3 {[%emt 0:00:14]} Qc7 {[%emt 0:02:46]} 13. f4 {[%emt 0:02:21]} Nc6 {[%emt 0:00:40]} 14. f5 {[%emt 0:00:56]} Nxe4 {[%emt 0:03:03]} 15. fxg6 {[%emt 0:05:41]} Nxd4 {[%emt 0:04:27]} 16. gxh7+ {[%emt 0:01:43]} Kh8 {[%emt 0:01:11]} 17. Qh5 {[%emt 0:01:34]} Nf6 {[%emt 0:04:25]} 18. Rxf6 {[%emt 0:06:37]} Bxf6 {[%emt 0:02:00]} 19. Bh6 {[%emt 0:02:22]} Bg7 {[%emt 0:07:02]} 20. Bxg7+ {[%emt 0:01:54]} Kxg7 {[%emt 0:00:50]} 21. h8=Q+ Rxh8 {[%emt 0:00:52]} 22. Qxf7+ {[%emt 0:01:52]} Kh6 {[%emt 0:00:33]} 23. Qxe7 {[%emt 0:11:44]} Qf4 {[%emt 0:01:59]} 24. Rf1 {[%emt 0:03:23]} Rh7 {[%emt 0:01:56]} 25. Qe1 {[%emt 0:04:03]} Qg5 {[%emt 0:04:16]} 26. h4 {[%emt 0:02:35]} Nf3+ {[%emt 0:12:37]} 27. Rxf3 {[%emt 0:00:29]} Qc5+ {[%emt 0:00:10]} 28. Kh1 {[%emt 0:00:20]} Rg7 {[%emt 0:01:00]} 29. Qd2+ {[%emt 0:07:06]} Kh7 {[%emt 0:01:49]} 30. Rf6 {[%emt 0:05:11]} Qh5 {[%emt 0:07:28]} 31. Qd3+ {[%emt 0:00:30]} Rg6 {[%emt 0:00:53]} 32. Rf7+ {[%emt 0:00:26]} Kh6 {[%emt 0:00:32]} 33. Qe3+ {[%emt 0:06:39]} Rg5 {[%emt 0:01:02]} 34. Qxg5+ {[%emt 0:02:06]} Qxg5 {[%emt 0:00:23]} 35. hxg5+ {[%emt 0:00:11]} Kxg5 {[%emt 0:00:10]} 36. Rf8 {[%emt 0:00:49]} Kg6 {[%emt 0:01:07]} 37. Kg1 {[%emt 0:01:35]} Kg7 {[%emt 0:00:08]} 38. Rg8+ {[%emt 0:00:22]} Kf6 {[%emt 0:00:15]} 39. g4 {[%emt 0:01:30]} Ke5 {[%emt 0:00:35]} 40. g5 {[%emt 0:00:34]} b6 {[%emt 0:00:12]} 41. g6 {[%emt 0:00:38]} Kf6 {[%emt 0:00:24]} 42. Kf2 {[%emt 0:01:17]} Bb7 {[%emt 0:00:25]} 43. Rxa8 {[%emt 0:00:10]} Bxa8 {[%emt 0:00:12]} 44. Bf7 {[%emt 0:00:06]} Be4 {[%emt 0:00:16]} 45. c3 {[%emt 0:01:46]} Bxg6 {[%emt 0:00:35]} 46. Bxg6 {[%emt 0:00:10]} Kxg6 {[%emt 0:00:04]} 47. Ke3 {[%emt 0:00:02]} Kf5 {[%emt 0:00:29]} 48. Kd4 {[%emt 0:00:17]} Ke6 {[%emt 0:00:08]} 49. a4 {[%emt 0:01:23]} a6 {[%emt 0:00:25]} 50. c4 {[%emt 0:00:50]} Kd6 {[%emt 0:00:18]} 51. Kc3 {[%emt 0:01:33]} Kc5 {[%emt 0:01:48]} 52. Kb3 {[%emt 0:00:12]} a5 {[%emt 0:01:19]} 53. Kc3 {[%emt 0:00:14]} d6 {[%emt 0:00:03]} 54. Kb3 {[%emt 0:00:42]} Kd4 {[%emt 0:00:44]} 0-1

[Event "CZE-ch U10 2020"]
[Site "Kouty nad Desnou"]
[Date "2020.03.11"]
[Round "6.4"]
[White "Bouska, Jiri"]
[Black "Roubal, Matyas"]
[Result "0-1"]
[WhiteElo "1643"]
[BlackElo "1380"]
[Annotator "NA RC"]
[PlyCount "70"]
[EventDate "2020.03.07"]
[EventCountry "CZE"]
[SourceTitle "playchess.com"]
[Source "ChessBase"]
[SourceQuality "1"]
[TimeControl "5400+30"]

1. e4 {[%emt 0:00:00]} d5 {[%emt 0:00:00]} 2. exd5 Nf6 {[%emt 0:00:00]} 3. Nf3 {[%emt 0:00:32]} Bg4 {[%emt 0:00:56]} 4. Be2 {[%emt 0:00:32]} Qxd5 {[%emt 0:00:23]} 5. Nc3 {[%emt 0:00:29]} Qh5 {[%emt 0:00:05]} 6. h3 {[%emt 0:00:17]} Nc6 {[%emt 0:02:55]} 7. d3 {[%emt 0:02:08]} O-O-O {[%emt 0:03:17]} 8. Be3 {[%emt 0:00:32]} e5 {[%emt 0:02:12]} 9. Rh2 {[%emt 0:00:50]} Bxf3 {[%emt 0:09:41]} 10. Bxf3 {[%emt 0:00:58]} Qf5 {[%emt 0:03:07]} 11. Bxc6 {[%emt 0:00:47]} bxc6 {[%emt 0:00:05]} 12. g4 {[%emt 0:00:25]} Qe6 {[%emt 0:00:27]} 13. Qe2 {[%emt 0:00:32]} Bb4 {[%emt 0:01:02]} 14. a3 {[%emt 0:03:47]} Bxc3+ {[%emt 0:00:53]} 15. bxc3 {[%emt 0:00:06]} e4 {[%emt 0:08:56]} 16. d4 {[%emt 0:00:38]} Nd5 {[%emt 0:01:51]} 17. Qc4 {[%emt 0:04:38]} Nxe3 18. Qxe6+ {[%emt 0:00:29]} fxe6 {[%emt 0:04:02]} 19. fxe3 {[%emt 0:00:22]} Rhf8 {[%emt 0:00:08]} 20. Ke2 {[%emt 0:00:18]} Rf3 {[%emt 0:00:22]} 21. Rf1 {[%emt 0:00:19]} Rdf8 {[%emt 0:08:03]} 22. Rhf2 {[%emt 0:00:46]} Rxf2+ {[%emt 0:00:08]} 23. Rxf2 {[%emt 0:00:12]} Rxf2+ {[%emt 0:00:11]} 24. Kxf2 {[%emt 0:00:04]} g5 {[%emt 0:00:05]} 25. Kg3 {[%emt 0:00:09]} Kb7 {[%emt 0:00:37]} 26. Kf2 {[%emt 0:00:25]} Kb6 {[%emt 0:00:04]} 27. Ke2 {[%emt 0:00:13]} Kb5 {[%emt 0:00:02]} 28. Kd2 {[%emt 0:00:11]} Kc4 {[%emt 0:00:09]} 29. a4 {[%emt 0:00:33]} a6 {[%emt 0:00:41]} 30. Kd1 {[%emt 0:00:09]} Kxc3 {[%emt 0:00:04]} 31. Kc1 {[%emt 0:00:11]} Kb4 {[%emt 0:00:03]} 32. Kb2 {[%emt 0:00:09]} Kxa4 {[%emt 0:02:14]} 33. Kc3 {[%emt 0:00:07]} Kb5 {[%emt 0:00:07]} 34. Kb3 {[%emt 0:00:05]} c5 {[%emt 0:00:33]} 35. c4+ {[%emt 0:00:18]} Kc6 {[%emt 0:00:21]} 0-1

[Event "CZE-ch U10 2020"]
[Site "Kouty nad Desnou"]
[Date "2020.03.11"]
[Round "6.5"]
[White "Gorej, Vojtech"]
[Black "Svadlenka, Dominik"]
[Result "1-0"]
[WhiteElo "1360"]
[BlackElo "1410"]
[Annotator "NA"]
[PlyCount "77"]
[EventDate "2020.03.07"]
[EventCountry "CZE"]
[SourceTitle "playchess.com"]
[Source "ChessBase"]
[SourceQuality "1"]
[TimeControl "5400+30"]

1. e4 {[%emt 0:00:00]} c6 {[%emt 0:00:00]} 2. d4 {[%emt 0:00:36]} d5 {[%emt 0:00:12]} 3. Nc3 {[%emt 0:00:44]} dxe4 {[%emt 0:00:24]} 4. Nxe4 {[%emt 0:00:44]} Bf5 {[%emt 0:00:28]} 5. Ng3 {[%emt 0:01:18]} Bg6 {[%emt 0:00:29]} 6. h4 {[%emt 0:00:49]} h6 {[%emt 0:00:41]} 7. h5 Bh7 {[%emt 0:00:28]} 8. Nf3 {[%emt 0:02:11]} e6 {[%emt 0:00:41]} 9. Bd3 {[%emt 0:00:46]} Bxd3 {[%emt 0:00:44]} 10. Qxd3 {[%emt 0:00:24]} Nf6 {[%emt 0:01:07]} 11. Bf4 {[%emt 0:00:46]} Nbd7 {[%emt 0:01:21]} 12. O-O-O {[%emt 0:01:42]} Be7 {[%emt 0:01:20]} 13. Ne4 {[%emt 0:01:03]} O-O {[%emt 0:03:35]} 14. Ne5 {[%emt 0:02:20]} Nd5 {[%emt 0:02:59]} 15. Qg3 {[%emt 0:03:49]} Nxf4 {[%emt 0:01:36]} 16. Qxf4 {[%emt 0:00:36]} f5 {[%emt 0:03:51]} 17. Nd2 {[%emt 0:00:19]} Bg5 {[%emt 0:00:21]} 18. Qg3 {[%emt 0:01:38]} Nb6 {[%emt 0:06:23]} 19. f4 {[%emt 0:01:12]} Bf6 {[%emt 0:00:50]} 20. Ndf3 {[%emt 0:00:44]} Na4 {[%emt 0:03:18]} 21. Ng6 {[%emt 0:02:46]} Re8 {[%emt 0:25:31]} 22. Nfe5 {[%emt 0:02:24]} Nb6 {[%emt 0:04:12]} 23. Qb3 {[%emt 0:02:58]} a5 {[%emt 0:01:31]} 24. Kb1 {[%emt 0:01:56]} a4 {[%emt 0:01:43]} 25. Qf3 {[%emt 0:01:09]} a3 {[%emt 0:01:30]} 26. b3 {[%emt 0:01:20]} Nd5 {[%emt 0:02:46]} 27. c4 {[%emt 0:01:39]} Nc7 {[%emt 0:05:06]} 28. Rhg1 {[%emt 0:01:30]} Bxe5 {[%emt 0:06:20]} 29. dxe5 {[%emt 0:00:43]} Qb8 {[%emt 0:01:07]} 30. Rd7 {[%emt 0:01:08]} Rd8 {[%emt 0:02:14]} 31. Rxd8+ {[%emt 0:00:42]} Qxd8 {[%emt 0:00:19]} 32. Rd1 {[%emt 0:00:12]} Qe8 {[%emt 0:01:23]} 33. g4 {[%emt 0:00:45]} Qf7 {[%emt 0:03:01]} 34. Qh3 {[%emt 0:02:53]} b5 {[%emt 0:01:57]} 35. gxf5 {[%emt 0:02:25]} exf5 {[%emt 0:01:00]} 36. cxb5 {[%emt 0:01:03]} cxb5 {[%emt 0:03:30]} 37. Qd3 {[%emt 0:00:24]} Ne6 {[%emt 0:07:04]} 38. Qxb5 {[%emt 0:01:52]} Qa7 {[%emt 0:01:44]} 39. Qd5 {[%emt 0:01:24]} 1-0

[Event "CZE-ch U10 2020"]
[Site "Kouty nad Desnou"]
[Date "2020.03.11"]
[Round "6.6"]
[White "Komarek, Tobias"]
[Black "Chernyy, Andrey"]
[Result "1-0"]
[WhiteElo "1235"]
[BlackElo "1208"]
[Annotator "NA"]
[PlyCount "157"]
[EventDate "2020.03.07"]
[EventCountry "CZE"]
[SourceTitle "playchess.com"]
[Source "ChessBase"]
[SourceQuality "1"]
[TimeControl "5400+30"]

1. e4 {[%emt 0:00:00]} e5 {[%emt 0:00:31]} 2. Nf3 {[%emt 0:00:00]} Nc6 {[%emt 0:01:32]} 3. Bc4 {[%emt 0:00:00]} Nf6 {[%emt 0:01:31]} 4. d3 {[%emt 0:00:46]} Be7 {[%emt 0:01:38]} 5. Nc3 {[%emt 0:00:12]} d6 {[%emt 0:01:20]} 6. a3 {[%emt 0:00:16]} O-O {[%emt 0:01:59]} 7. h3 {[%emt 0:00:44]} Be6 {[%emt 0:02:10]} 8. Nd5 {[%emt 0:00:17]} Re8 {[%emt 0:05:20]} 9. O-O {[%emt 0:00:12]} h6 {[%emt 0:00:43]} 10. Be3 {[%emt 0:00:11]} Qd7 {[%emt 0:02:20]} 11. Qd2 {[%emt 0:00:30]} Kh7 {[%emt 0:08:20]} 12. Nxe7 {[%emt 0:08:22]} Qxe7 {[%emt 0:01:43]} 13. Bxe6 {[%emt 0:00:51]} Qxe6 {[%emt 0:01:25]} 14. Rfe1 {[%emt 0:01:05]} Qd7 {[%emt 0:06:46]} 15. Nh4 {[%emt 0:03:45]} Ne7 {[%emt 0:04:54]} 16. f4 {[%emt 0:10:37]} Ng6 {[%emt 0:00:58]} 17. Nf5 {[%emt 0:01:51]} exf4 {[%emt 0:01:16]} 18. Bxf4 {[%emt 0:00:21]} Nxf4 {[%emt 0:00:37]} 19. Qxf4 {[%emt 0:00:14]} Rg8 {[%emt 0:01:11]} 20. e5 {[%emt 0:04:19]} dxe5 {[%emt 0:00:38]} 21. Rxe5 {[%emt 0:00:51]} Rae8 {[%emt 0:06:27]} 22. Rae1 {[%emt 0:05:13]} Rxe5 {[%emt 0:04:11]} 23. Rxe5 {[%emt 0:00:19]} Re8 {[%emt 0:01:11]} 24. Rxe8 {[%emt 0:02:53]} Nxe8 {[%emt 0:02:59]} 25. Qe4 {[%emt 0:03:10]} g6 {[%emt 0:03:03]} 26. Ne3 {[%emt 0:01:37]} c6 {[%emt 0:03:28]} 27. Ng4 {[%emt 0:01:25]} Qe6 {[%emt 0:08:00]} 28. Qxe6 {[%emt 0:01:16]} fxe6 {[%emt 0:00:51]} 29. Kf2 {[%emt 0:00:10]} Kg7 {[%emt 0:00:24]} 30. Ke3 {[%emt 0:00:25]} h5 {[%emt 0:01:07]} 31. Nf2 {[%emt 0:00:13]} Nd6 {[%emt 0:00:57]} 32. g4 {[%emt 0:02:11]} Kf6 {[%emt 0:00:32]} 33. gxh5 {[%emt 0:00:50]} gxh5 {[%emt 0:00:30]} 34. h4 {[%emt 0:01:11]} Nf5+ {[%emt 0:02:39]} 35. Kf4 {[%emt 0:00:51]} Nxh4 {[%emt 0:02:57]} 36. Ne4+ {[%emt 0:00:13]} Ke7 {[%emt 0:02:05]} 37. Kg5 {[%emt 0:00:52]} Nf5 {[%emt 0:01:28]} 38. Kxh5 {[%emt 0:00:30]} Ne3 {[%emt 0:01:11]} 39. c3 {[%emt 0:00:31]} Nd1 {[%emt 0:00:22]} 40. b4 {[%emt 0:00:16]} Nb2 {[%emt 0:01:45]} 41. d4 {[%emt 0:00:31]} Nc4 {[%emt 0:00:50]} 42. a4 {[%emt 0:00:12]} b6 {[%emt 0:01:23]} 43. Kg5 {[%emt 0:00:24]} Nd6 {[%emt 0:00:38]} 44. Nd2 {[%emt 0:00:53]} Nf5 {[%emt 0:01:52]} 45. Ne4 {[%emt 0:00:36]} Nd6 {[%emt 0:00:58]} 46. Kf4 {[%emt 0:00:45]} Nxe4 {[%emt 0:01:45]} 47. Kxe4 {[%emt 0:00:31]} a6 {[%emt 0:03:06]} 48. c4 {[%emt 0:00:31]} Kd6 {[%emt 0:00:34]} 49. c5+ {[%emt 0:00:31]} bxc5 {[%emt 0:00:23]} 50. dxc5+ {[%emt 0:00:20]} Kd7 {[%emt 0:00:34]} 51. Ke5 {[%emt 0:00:17]} Ke7 {[%emt 0:01:07]} 52. a5 {[%emt 0:00:01]} Kd7 {[%emt 0:00:22]} 53. Kf6 {[%emt 0:00:12]} e5 {[%emt 0:00:33]} 54. Kxe5 {[%emt 0:00:08]} Ke7 {[%emt 0:01:08]} 55. Kf5 {[%emt 0:01:02]} Kf7 {[%emt 0:00:50]} 56. Kg5 {[%emt 0:00:21]} Ke7 {[%emt 0:01:59]} 57. Kh6 {[%emt 0:01:13]} Kd7 {[%emt 0:01:30]} 58. Kh7 {[%emt 0:01:01]} Ke6 {[%emt 0:01:17]} 59. Kg6 {[%emt 0:00:21]} Ke7 {[%emt 0:00:17]} 60. Kg7 {[%emt 0:00:44]} Ke8 {[%emt 0:00:19]} 61. Kf6 {[%emt 0:00:34]} Kd7 {[%emt 0:03:07]} 62. Kf7 {[%emt 0:00:26]} Kd8 {[%emt 0:02:54]} 63. Ke6 {[%emt 0:00:31]} Kc7 {[%emt 0:00:31]} 64. Ke7 {[%emt 0:00:23]} Kc8 {[%emt 0:00:24]} 65. Kd6 {[%emt 0:00:11]} Kb7 {[%emt 0:00:16]} 66. Kd7 {[%emt 0:00:16]} Ka8 {[%emt 0:00:51]} 67. Kxc6 {[%emt 0:00:16]} Ka7 {[%emt 0:00:32]} 68. Kc7 {[%emt 0:00:13]} Ka8 {[%emt 0:00:30]} 69. Kb6 {[%emt 0:00:10]} Kb8 {[%emt 0:00:12]} 70. Kxa6 {[%emt 0:00:12]} Kc7 {[%emt 0:00:48]} 71. b5 {[%emt 0:00:24]} Kb8 {[%emt 0:00:09]} 72. Kb6 {[%emt 0:00:19]} Ka8 {[%emt 0:00:13]} 73. a6 {[%emt 0:00:18]} Kb8 {[%emt 0:00:14]} 74. c6 {[%emt 0:00:13]} Ka8 {[%emt 0:00:08]} 75. Kc5 {[%emt 0:00:11]} Kb8 {[%emt 0:00:20]} 76. b6 {[%emt 0:00:18]} Ka8 {[%emt 0:00:14]} 77. Kd6 {[%emt 0:00:21]} Kb8 {[%emt 0:01:02]} 78. c7+ {[%emt 0:00:38]} Kc8 {[%emt 0:00:34]} 79. b7# {[%emt 0:00:09]} 1-0

[Event "CZE-ch U10 2020"]
[Site "Kouty nad Desnou"]
[Date "2020.03.11"]
[Round "6.7"]
[White "Stary, Vojtech"]
[Black "Alidis, Myron"]
[Result "0-1"]
[WhiteElo "1559"]
[BlackElo "1395"]
[Annotator "NA"]
[PlyCount "144"]
[EventDate "2020.03.07"]
[EventCountry "CZE"]
[SourceTitle "playchess.com"]
[Source "ChessBase"]
[SourceQuality "1"]
[TimeControl "5400+30"]

1. e4 {[%emt 0:00:00]} c5 {[%emt 0:00:00]} 2. Nf3 {[%emt 0:00:00]} e6 {[%emt 0:00:00]} 3. d4 {[%emt 0:00:00]} cxd4 {[%emt 0:00:09]} 4. Nxd4 {[%emt 0:00:00]} Nf6 {[%emt 0:00:06]} 5. Nc3 {[%emt 0:00:00]} d6 {[%emt 0:00:07]} 6. Be3 {[%emt 0:00:00]} Be7 {[%emt 0:00:14]} 7. f3 {[%emt 0:00:05]} O-O {[%emt 0:00:11]} 8. Qd2 {[%emt 0:00:18]} Nc6 {[%emt 0:00:11]} 9. g4 {[%emt 0:00:15]} d5 {[%emt 0:00:38]} 10. g5 {[%emt 0:00:11]} Ne8 {[%emt 0:00:33]} 11. h4 {[%emt 0:08:50]} dxe4 {[%emt 0:00:42]} 12. Nxc6 {[%emt 0:07:24]} Qxd2+ {[%emt 0:00:37]} 13. Bxd2 {[%emt 0:00:49]} bxc6 {[%emt 0:00:08]} 14. Nxe4 {[%emt 0:01:11]} Bb7 {[%emt 0:00:15]} 15. O-O-O {[%emt 0:03:16]} Nd6 {[%emt 0:01:08]} 16. Nxd6 {[%emt 0:01:36]} Bxd6 {[%emt 0:00:07]} 17. Be3 {[%emt 0:01:46]} Rfd8 {[%emt 0:00:39]} 18. Be2 {[%emt 0:05:31]} a5 {[%emt 0:01:38]} 19. Kb1 {[%emt 0:08:18]} Bc7 {[%emt 0:00:38]} 20. Rxd8+ {[%emt 0:02:47]} Rxd8 {[%emt 0:00:08]} 21. Bd3 {[%emt 0:01:31]} Rd7 {[%emt 0:01:59]} 22. Kc1 {[%emt 0:04:13]} Kf8 {[%emt 0:00:29]} 23. Bc5+ {[%emt 0:01:03]} Bd6 {[%emt 0:00:10]} 24. Bxd6+ {[%emt 0:00:38]} Rxd6 {[%emt 0:00:09]} 25. Be4 {[%emt 0:04:49]} g6 {[%emt 0:01:18]} 26. Rd1 {[%emt 0:02:30]} Rxd1+ {[%emt 0:00:07]} 27. Kxd1 {[%emt 0:00:06]} Kg7 {[%emt 0:00:14]} 28. Kd2 {[%emt 0:02:30]} f5 {[%emt 0:00:28]} 29. Bd3 {[%emt 0:03:03]} e5 {[%emt 0:00:28]} 30. Ke3 {[%emt 0:04:37]} c5 {[%emt 0:00:28]} 31. Bc4 {[%emt 0:02:33]} h6 {[%emt 0:01:18]} 32. c3 {[%emt 0:03:12]} hxg5 {[%emt 0:00:11]} 33. hxg5 {[%emt 0:00:41]} f4+ {[%emt 0:00:16]} 34. Ke2 {[%emt 0:02:10]} e4 {[%emt 0:00:15]} 35. fxe4 {[%emt 0:02:51]} Bxe4 {[%emt 0:00:14]} 36. Be6 {[%emt 0:01:30]} Kf8 {[%emt 0:00:21]} 37. a3 {[%emt 0:03:17]} Ke7 {[%emt 0:00:15]} 38. Bg4 {[%emt 0:01:07]} Kd6 {[%emt 0:00:20]} 39. Bc8 {[%emt 0:01:21]} Kc6 {[%emt 0:03:36]} 40. Be6 {[%emt 0:01:56]} Kb5 {[%emt 0:02:07]} 41. Bd7+ {[%emt 0:02:40]} Kb6 {[%emt 0:01:31]} 42. Be6 {[%emt 0:01:09]} Kc6 {[%emt 0:00:22]} 43. Bg4 {[%emt 0:00:49]} Kd6 {[%emt 0:01:13]} 44. Bc8 {[%emt 0:01:08]} a4 {[%emt 0:00:24]} 45. Bg4 {[%emt 0:01:28]} c4 {[%emt 0:01:17]} 46. Bc8 {[%emt 0:01:15]} Bf5 {[%emt 0:01:33]} 47. Ba6 {[%emt 0:01:28]} Bd3+ {[%emt 0:00:56]} 48. Kf3 {[%emt 0:00:24]} Ke5 {[%emt 0:00:21]} 49. Bc8 {[%emt 0:00:59]} Bf5 {[%emt 0:00:33]} 50. Bb7 {[%emt 0:00:57]} Bc2 {[%emt 0:01:24]} 51. Bc8 {[%emt 0:00:18]} Bf5 {[%emt 0:00:44]} 52. Bb7 {[%emt 0:00:16]} Bh3 {[%emt 0:01:16]} 53. Bc6 {[%emt 0:01:13]} Be6 {[%emt 0:00:30]} 54. Bxa4 {[%emt 0:01:13]} Bd5+ {[%emt 0:00:33]} 55. Kf2 {[%emt 0:01:10]} Kf5 {[%emt 0:00:26]} 56. Bd7+ {[%emt 0:00:50]} Kxg5 {[%emt 0:00:14]} 57. a4 {[%emt 0:00:39]} Kh4 {[%emt 0:00:32]} 58. a5 {[%emt 0:00:27]} Bb7 {[%emt 0:00:15]} 59. Bb5 {[%emt 0:00:42]} g5 {[%emt 0:01:03]} 60. Bxc4 {[%emt 0:00:38]} g4 {[%emt 0:00:24]} 61. b4 {[%emt 0:01:39]} g3+ {[%emt 0:00:35]} 62. Kg1 {[%emt 0:01:50]} f3 {[%emt 0:00:28]} 63. a6 {[%emt 0:05:20]} Ba8 {[%emt 0:01:21]} 64. Be6 {[%emt 0:00:42]} Be4 {[%emt 0:00:53]} 65. Bc4 {[%emt 0:01:31]} f2+ {[%emt 0:00:17]} 66. Kf1 {[%emt 0:00:16]} Kh3 {[%emt 0:00:10]} 67. b5 {[%emt 0:02:49]} Kh2 {[%emt 0:00:14]} 68. b6 {[%emt 0:00:54]} g2+ {[%emt 0:00:22]} 69. Kxf2 {[%emt 0:00:20]} g1=Q+ {[%emt 0:00:10]} 70. Ke2 {[%emt 0:00:09]} Qxb6 {[%emt 0:00:21]} 71. Be6 {[%emt 0:00:30]} Qxa6+ {[%emt 0:00:28]} 72. Ke3 {[%emt 0:00:15]} Qxe6 {[%emt 0:00:07]} 0-1

[Event "CZE-ch U10 2020"]
[Site "Kouty nad Desnou"]
[Date "2020.03.11"]
[Round "6.8"]
[White "Bulawa, Adam"]
[Black "Milek, Tobias"]
[Result "1/2-1/2"]
[WhiteElo "1014"]
[BlackElo "1163"]
[Annotator "NA RC"]
[PlyCount "103"]
[EventDate "2020.03.07"]
[EventCountry "CZE"]
[SourceTitle "playchess.com"]
[Source "ChessBase"]
[SourceQuality "1"]
[TimeControl "5400+30"]

1. e4 {[%emt 0:00:00]} c5 {[%emt 0:00:00]} 2. Nf3 {[%emt 0:00:00]} d6 {[%emt 0:00:00]} 3. Bb5+ {[%emt 0:00:00]} Nd7 {[%emt 0:00:00]} 4. O-O {[%emt 0:00:40]} Ngf6 {[%emt 0:00:07]} 5. Re1 {[%emt 0:00:19]} a6 {[%emt 0:00:16]} 6. Bf1 {[%emt 0:03:07]} g6 {[%emt 0:01:54]} 7. c3 {[%emt 0:00:49]} Ne5 {[%emt 0:00:35]} 8. Nxe5 {[%emt 0:02:17]} dxe5 {[%emt 0:00:43]} 9. d3 {[%emt 0:02:02]} Bg7 {[%emt 0:00:33]} 10. h3 {[%emt 0:08:12]} O-O {[%emt 0:00:52]} 11. Nd2 {[%emt 0:01:17]} b5 {[%emt 0:00:38]} 12. Nf3 {[%emt 0:00:36]} Qc7 {[%emt 0:00:54]} 13. b3 {[%emt 0:02:24]} Rd8 {[%emt 0:01:04]} 14. Qc2 {[%emt 0:01:31]} Be6 {[%emt 0:01:32]} 15. c4 {[%emt 0:01:27]} b4 {[%emt 0:01:37]} 16. Bb2 {[%emt 0:00:19]} Nh5 {[%emt 0:01:09]} 17. Rad1 {[%emt 0:06:42]} Nf4 {[%emt 0:02:17]} 18. Kh2 {[%emt 0:06:20]} Bc8 {[%emt 0:01:42]} 19. g3 {[%emt 0:01:29]} Ne6 {[%emt 0:00:59]} 20. Kg1 {[%emt 0:03:36]} Nd4 {[%emt 0:02:29]} 21. Bxd4 {[%emt 0:00:27]} exd4 {[%emt 0:00:26]} 22. Bg2 {[%emt 0:01:58]} e5 {[%emt 0:01:46]} 23. Nh2 {[%emt 0:01:39]} Be6 {[%emt 0:01:31]} 24. Rf1 {[%emt 0:02:09]} Qd7 {[%emt 0:00:56]} 25. g4 {[%emt 0:00:55]} f5 {[%emt 0:01:50]} 26. exf5 {[%emt 0:00:53]} gxf5 {[%emt 0:01:09]} 27. Bxa8 {[%emt 0:00:44]} Rxa8 {[%emt 0:00:13]} 28. Qe2 {[%emt 0:00:52]} fxg4 {[%emt 0:00:36]} 29. Nxg4 {[%emt 0:00:13]} Bxg4 {[%emt 0:00:44]} 30. Qxg4 {[%emt 0:00:15]} Qxg4+ {[%emt 0:00:04]} 31. hxg4 {[%emt 0:00:10]} Kh8 {[%emt 0:00:10]} 32. Rde1 {[%emt 0:00:57]} Rg8 {[%emt 0:00:43]} 33. f3 {[%emt 0:00:29]} Bf6 {[%emt 0:00:33]} 34. Re2 {[%emt 0:00:30]} Rg6 {[%emt 0:00:26]} 35. Rh2 {[%emt 0:01:45]} Bg5 {[%emt 0:00:35]} 36. Rh5 {[%emt 0:00:49]} Be3+ {[%emt 0:00:14]} 37. Kg2 {[%emt 0:00:16]} Bf4 {[%emt 0:00:16]} 38. Rfh1 {[%emt 0:00:27]} h6 {[%emt 0:00:21]} 39. Ra1 {[%emt 0:01:14]} a5 {[%emt 0:00:53]} 40. a3 {[%emt 0:00:23]} bxa3 {[%emt 0:00:47]} 41. Rxa3 {[%emt 0:00:09]} Rb6 {[%emt 0:00:02]} 42. Rh1 {[%emt 0:02:12]} Kg7 {[%emt 0:01:22]} 43. Rb1 {[%emt 0:00:34]} h5 {[%emt 0:00:31]} 44. gxh5 {[%emt 0:00:54]} Kh6 {[%emt 0:00:09]} 45. Rxa5 {[%emt 0:00:50]} Kxh5 {[%emt 0:00:08]} 46. Rh1+ {[%emt 0:00:14]} Kg5 {[%emt 0:00:08]} 47. Rb5 {[%emt 0:01:18]} Ra6 {[%emt 0:00:15]} 48. Kh3 {[%emt 0:01:56]} Ra2 {[%emt 0:00:24]} 49. Rg1+ {[%emt 0:01:20]} Kh5 {[%emt 0:00:17]} 50. Rg2 {[%emt 0:00:44]} Ra1 {[%emt 0:00:18]} 51. Rg8 {[%emt 0:02:49]} Ra2 {[%emt 0:02:54]} 52. Rg2 1/2-1/2